|
|
|
|
| LEADER |
01094Cam#a2200265#a#4500 |
| 001 |
021556 |
| 005 |
20250214144305.0 |
| 008 |
100330s1995||||mx a g#b #001|0#spa#d |
| 020 |
|
|
|a 9683646891
|
| 040 |
|
|
|a AR-BeUNQ
|
| 082 |
0 |
4 |
|a 860.2
|2 21
|
| 245 |
0 |
3 |
|a El recreo de las familias /
|c edición facsimilar y estudio preliminar de María del Carmen Ruiz Castañeda ; indices elaborados por Sergio Márquez Acevedo bajo la coordinación de maría del Carmen Ruiz Castañeda.
|
| 250 |
|
|
|a 1a. ed. facsím.
|
| 260 |
|
|
|a México, D. F. :
|b Universidad Nacional Autónoma de México,
|c 1995.
|
| 300 |
|
|
|a cxxii, 462 p. :
|b il. ;
|c 23 cm.
|
| 504 |
|
|
|a Incluye referencias bibliográficas e índice.
|
| 650 |
|
7 |
|a Revistas literarias
|2 ttll
|
| 650 |
|
7 |
|a Publicaciones periódicas
|2 spines
|
| 650 |
|
7 |
|a Literatura latinoamericana
|2 ttll
|
| 651 |
|
7 |
|a México
|2 spines
|
| 700 |
1 |
|
|a Ruiz Castañeda, María del Carmen
|4 aui
|
| 700 |
1 |
|
|a Márquez Acevedo, Sergio
|
| 929 |
|
|
|a DONACION
|b Margarita Pierini
|d 0,00
|e 20100217
|f PAT0033226
|g 1459 Exp. 827-0387/98
|j 44664
|
| 942 |
|
|
|c LIB
|n 0
|
| 999 |
|
|
|c 20972
|d 96359
|